The History of Mexico

Zapisane w:
Opis bibliograficzny
1. autor: Clavigero, Francesco Saverio (Autor)
Format: Książka
Język:angielski
Wydane: Londres G.G.J. and J. Robinson 1787
Wydanie:1a. ed
Hasła przedmiotowe:
Dostęp online:portada
Etykiety: Dodaj etykietę
Nie ma etykietki, Dołącz pierwszą etykiete!

MARC

LEADER 00000nam a2200000 a 4500
001 UCJ6699
003 CL-VaPUC
008 070124e17870000UK |||||||||||||||||eng|d
082 0 4 |a 980  |b CLA  |2 21 
100 0 |a Clavigero, Francesco Saverio  |e author  |9 513885 
245 1 4 |a The History of Mexico 
250 |a 1a. ed 
300 |a 2 v 
942 |c BK 
945 |d 20070124 00:00:00  |a rinostro 
260 |a Londres  |b G.G.J. and J. Robinson  |c 1787 
500 |a 4§ mayor.- Pasta.- Vol. I: Front., Mapa antiguo de Méjico. Port.- v. en bl.- Apostillado; ilustraciones y mapas sin indizar. Vol. II: Front. Mapa de Méjico antiguo. Apostillado. El volumen II no trae ilustraciones. Sólo una página, la 7, exhibe cuatro retratos de conquistadores 
600 0 7 |a CORTES, HERNAN  |2 CL-VaPUC  |9 258554 
600 0 7 |a ALVARADO, PEDRO DE  |2 CL-VaPUC  |9 442220 
600 0 7 |a OLID, CRISTOBAL DE  |2 CL-VaPUC  |9 511304 
600 0 7 |a GONZALEZ DE SANDOVAL  |2 CL-VaPUC  |9 513886 
600 0 7 |a MONTEZUMA  |2 CL-VaPUC  |9 513304 
650 0 |a Historia de México  |9 321806 
650 0 |a Geografía  |9 259346 
650 0 |a Población  |9 257577 
650 0 |a Aborígenes  |9 329972 
650 7 |a FLORA  |2 CL-VaPUC  |9 264745 
650 7 |a FAUNA  |2 CL-VaPUC  |9 349523 
650 0 |a Cultura  |9 269059 
650 0 |a Aztecas  |9 265930 
650 0 |a Arte  |9 265238 
650 0 |a Religión   |9 255164 
650 0 |a Colonización española  |9 256592 
650 0 |a Iconografía   |9 267998 
650 0 |a Ilustraciones  |9 369481 
650 0 |a Cartografía   |9 266055 
650 0 |a Historiografía   |9 257871 
650 7 |a CRONISTAS  |2 CL-VaPUC  |9 315671 
650 7 |a EVANGELIZACION  |2 CL-VaPUC  |9 513887 
650 0 |a Mapas  |9 260844 
650 7 |a LIBRO RARO  |2 CL-VaPUC  |9 504169 
651 0 |a México  |9 255269 
856 7 |f UCJ6699_01.jpg  |u http://opac.pucv.cl/pucv_img/Img-6500/UCJ6699_01.jpg  |q JEPG  |2 file  |z portada 
583 |a last modification  |c 20070124 00:00:00  |k Rodrigo Vera 
999 |c 322801  |d 322799 
952 |0 0  |1 0  |4 0  |6 980_000000000000000_CLA_1787  |7 0  |8 X  |9 401881  |a FDOBUD  |b FDOBUD  |d 2019-11-22  |h v.1  |i 1051326  |o 980 CLA 1787  |p 1051326  |r 2019-11-22  |w 2019-11-22  |y BK_X  |k BUD 
952 |0 0  |1 0  |4 0  |6 980_000000000000000_CLA_1787  |7 0  |8 X  |9 401882  |a FDOBUD  |b FDOBUD  |d 2019-11-22  |h v.2  |i 1051334  |o 980 CLA 1787  |p 1051334  |r 2019-11-22  |w 2019-11-22  |y BK_X  |k BUD